000 00637nam a22002297a 4500
003 UA-OsUOA
001 78617
007 ta
008 20111017b un ||||| |||| 00| 0 ukr d
100 _aВиноградов А.
090 _a821.161.1
_bВ49
942 _cBK
040 _aUA-OsUOA
_brus
_cUA-OsUOA
_dUA-OsUOA
245 _aЧерный консул. Повесть о братьях Тургеневых
300 _a688 с.
955 _a3
041 _arus
080 _a821.161.1
260 _aМ.
_bПравда
_c1986
650 7 _a82 Література. Літературознавство
_2UDC
999 _c364920
_d364920